000
00335nam a22001457a 4500
008
221117b ||||| |||| 00| 0 eng d
020
_a
9781259450051
041
_a
eng
080
_2
FIFTEENTH EDITION
_a
610.73
082
_a
610.73PRE
100
_a
8
101
_a
INF
245
_a
ATHLETIC TRAINING
_c
PRENTICE W
942
_2
udc
_c
BK
999
_c
58919
_d
58919